{"text_format":"1","workbook":"xlsx","n_sheets":3,"sheets":["График","Шаблон_сметы","Общие_данные"],"not_rendered":{"charts":0,"images":2,"macros":1,"external_links":0,"defined_names":7,"comments":0,"pivot_tables":0},"unopened":[],"bounds":{"document_bytes":16777216,"sheet_cells":100000,"rows_first":2000,"rows_last":500,"rows_between":2000,"halvings":0,"cell_chars":16384,"cell_head_chars":4096},"cells_cut":0,"cells_raw":0,"read":"whole","date_system":"1900"}

{"sheet":"График","index":0,"n_rows":15,"n_cols":19,"rows_kept":15,"cut":false,"hidden":false,"merged":[[6,10,6,13],[6,4,7,4],[6,5,7,5],[6,6,7,6],[6,7,6,8],[6,9,7,9],[0,0,0,3],[0,4,1,14],[0,15,7,15],[1,0,1,3],[2,0,2,3],[2,4,2,14],[3,0,3,3],[4,0,4,3],[5,0,5,9],[5,10,5,11],[5,12,5,13],[5,14,7,14],[6,0,7,0],[6,1,7,1],[6,2,7,2],[6,3,7,3]]}
[null,null,null,null,null,null,null,null,null,null,null,null,null,null,null,"Данный файл предназначен для первоначальной загрузки в программу. Все столбцы имеют общий или текстовый формат, кроме \"H\" и \"K\" - имеют формат ДАТА.  Столбец \"M\" - числовой формат. В данной таблице нет объединенных ячеек, начиная с 5-ой строки"]
[]
[]
[]
[]
[null,null,null,null,null,null,null,null,null,null,"Лист 1",null,"Листов 34",null,"Приме-чание"]
["№ п/п","Обозначение оборудования","Инвентар-ный номер","Класс безопасности по НП-001-15","Группа по НП-089-15","Наименование оборудования","Тип, марка","Предшествующий (ее) КР, СР, ТР, ТО",null,"Периодичность","Планируемый(ое) ремонт (ТО)",null,null,null,null,null,"Мастер АЭР","сметчик АЭР","куратор ЭЦ"]
[null,null,null,null,null,null,null,"дата","кате-гор-ия",null,"дата","КаТегор-ия","трудозат-раты, чел.-час","подразделение (организация) -исполнитель работ",null,null,"права для записи данных на форме 1 в столбцах P, R, S, AB (но не удаляя данные, которые он туда не записал)","права для записи данных на форме 1 в столбцах T, U, AA (но не удаляя данные, которые он туда не записал","права для записи данных на форме 1 в столбцах V, W, X, Y, Z, AC (но не удаляя данные, которые он туда не записал)"]
[1,2,3,4,5,6,7,8,9,10,11,12,13,14,15]
["1","4XXXSSDSD",22222222,null,null,"мотор",null,"2019-10-01","Т","К;Т;Т;С;Т;Т;К","2020-05-01","Т",618.65200000000004,null,null,null,"ДГУ","сметчик АЭР","ДГУ ЭЦ"]
["2","4XKKD:LKF:LKD:",22222222,null,null,"мотор",null,"2019-10-01","Т","К;Т;Т;Т;Т;Т;К","2020-05-01","Т",49.84,null,null,null,"МГО","сметчик АЭР","ДГУ ЭЦ"]
["6","4FKK20AP001",22222222,null,null,"мотор",null,"2019-10-01","Т","К;Т;Т;С;Т;Т;К","2020-05-01","К",466.31,null,null,null,"ДГУ","сметчик АЭР","ДГУ ЭЦ"]
["3","4XKA11AG001",22222222,null,null,"мотор",null,"2019-10-01","Т","К;Т;Т;Т;Т;Т;К","2020-05-01","Т",82.4,null,null,null,"ДГУ","сметчик АЭР","ДГУ ЭЦ"]
["4","0NW10D001",22222222,null,null,"мотор",null,null,null,"ежегодно","2020-09-01","Т",6.8,null,null,null,"ТЦ-3","сметчик АЭР","МГО ЭЦ"]
["5","4FAL10AP002",22222222,null,null,"мотор",null,null,null,null,"2020-09-01","Т",6.8]

{"sheet":"Шаблон_сметы","index":1,"n_rows":19,"n_cols":26,"rows_kept":19,"cut":false,"hidden":false,"merged":[[11,0,12,0],[11,1,12,1],[11,2,12,2],[11,3,12,3],[11,4,12,4],[11,10,11,11],[0,8,0,10],[1,1,1,2],[1,8,1,11],[2,8,2,11],[3,8,3,11],[17,1,17,2],[18,1,18,2],[11,5,11,7],[11,8,12,8],[11,9,12,9]]}
[null,"СОГЛАСОВАНО:",null,null,null,null,null,null,"УТВЕРЖДАЮ:"]
[null,null,null,null,null,null,null,null,null,null,null,null,null,null,null,null,null,null,null,null,"ОЭСН26.07-02-05-07\nВУ Р.02\nК=1,1-обдув\nКспец=1,15"]
[]
[null,"\"          \"________________________2019г.",null,null,null,null,null,null,"\"          \"________________________2020г."]
[]
[]
[null,null,null,null,null,"наименование работ"]
[]
[]
[]
[]
["№ п/п","Номер единичной расценки","Наименование работ и затрат","Ед. изм. или вид ремонта","Кол-во ","Затраты труда производственных рабочих, чел-час",null,null,"Разряд работ","Ставка \nвозмещения, \nруб.","Стоимость работ, материалов и зап.частей., рубл."]
[null,null,null,null,null,"на единицу","на ед. с учетом коэфф.","Всего ",null,null,"на единицу","всего","ЗКД или ЗСД","электродвигатели двухскоростные - 1,2.","электродвигатель с воздушно-водяным охлаждением - 1,15;","синхронный электродвигатель - 1,15","электродвигатель взрывобезопасного, или пыленепроницаемого исполнения - 1,2","электродвигатель со встроенными подшипниками скольжения, или иностранного","электродвигатель вертикального исполнения - 1,15;","электродвигатель закрытого обдуваемыйаемого исполнения - 1,1"]
[1,2,3,4,5,6,7,8,9,10,11,12]
[1,"26-07-02-05-07\nР02Ц3435\nK1обдув.=1,1\nK2=1,15\nK3=2,8\nK4=1,8\nK5=1,25\nK6=9\nK7=12\nK8=1,3\nK18=хх\nK21=ээ","0NW10D001 Электродвигатель насоса опорожнения бака герметика 5А160М2У3 (18,5 кВт, 2925 об/мин)\nТекущий ремонт электродвигателя мощностью 22,0 кВт\nинв № ","Т",1,10.52,11771.015255999997,11771.015255999997,4,785.02,9240482.3962651175,9240482.3962651175]
[2,"26-07-02-05-06\nР0555\nK1обдув.=1,1\nK16=1,15","4FAL10AP002 5А132М2А3У3 (11 кВт, 3000 об/мин)\nТекущий ремонт электродвигателя мощностью 15,0 кВт\nЗКД, инв № ","Т",1,8.77,11.094049999999999,11.094049999999999,4,785.02,8709.0511309999983,8709.0511309999983]
[null,"Всего",null,null,null,null,null,473.73528500000003,null,null,null,{"$f":"SUM(#REF!)","v":{"$error":"#REF!"}},761.1777957388166,null,null,null,null,null,null,null,null,null,0,0,0,0]
[null,"НДС 20%",null,null,null,null,null,null,null,null,null,{"$f":"L17*0.2","v":{"$error":"#REF!"}},null,null,null,null,null,null,null,null,null,null,null,null,{"$error":"#DIV/0!"}]
[null,"Всего с НДС",null,null,null,null,null,473.73528500000003,null,null,null,{"$f":"L17+L18","v":{"$error":"#REF!"}}]

{"sheet":"Общие_данные","index":2,"n_rows":12,"n_cols":40,"rows_kept":12,"cut":false,"hidden":false,"merged":[[6,35,7,35],[6,36,7,36],[6,37,6,38],[6,6,7,6],[6,7,7,7],[6,29,7,29],[6,30,7,30],[6,31,7,31],[6,32,6,34],[6,5,7,5],[6,0,7,0],[6,1,7,1],[6,2,7,2],[6,3,7,3],[6,4,7,4]]}
[]
[]
[]
[]
[]
["1",2,3,4,5,6,7,8,9,10,11,12,13,14,15,16,17,18,19,20,21,22,23,24,25,26,27,28,29,30,31,32,33,34,35,36,37,38,39,40]
[null,null,null,null,null,null,null,null,null,null,null,null,null,null,null,null,null,null,null,null,null,null,null,null,null,null,null,null,null,"Наименование работ и затрат","Ед- изм- или вид ремонта","Кол-во ","Затраты труда производственных рабочих, чел-час",null,null,"Разряд работ","Ставка \nвозмещения, \nруб-","Стоимость работ, материалов и зап-частей-, рубл-"]
[null,null,null,null,null,null,null,null,null,null,null,null,null,null,null,null,null,null,null,null,null,null,null,null,null,null,null,null,null,null,null,null,"на единицу","на ед- с учетом коэфф-","Всего ",null,null,"на единицу","всего"]
["№ п/п","ККС","Марка оборудования","Вид ремонта по графику","Вид оборудования","Раздел ОЭСН","Номер единичной расценки","Применительный коэф","K1обдув.","K2","K3","K4","K5","K6","K7","K8","K9","K10","K11","K12","K13","K14","K15","K16","K17","K18","K19","K20","K21","Столбец30","Столбец31","Столбец32","Столбец33","Столбец34","Столбец35","Столбец36","Столбец37","Столбец38","Столбец39","Столбец40"]
[2,"0NW10D001",null,"Т","ЭД","Р02Ц3435","26-07-02-05-07",null,1.1000000000000001,1.1499999999999999,2.8,1.8,1.25,9,12,1.3,null,null,null,null,null,null,null,null,null,"хх",null,null,"ээ","0NW10D001 Электродвигатель насоса опорожнения бака герметика 5А160М2У3 (18,5 кВт, 2925 об/мин)\nТекущий ремонт электродвигателя мощностью 22,0 кВт\nинв № ","Т",1,10.52,{"$f":"PRODUCT(I10:Z10,AG10)","v":11771.015255999997},{"$f":"AF10*AH10","v":11771.015255999997},4,785.02,{"$f":"AH10*AK10","v":9240482.3962651175},{"$f":"AI10*AK10","v":9240482.3962651175}]
[3,"4FAL10AP002",null,"Т","ЭД","Р0555","26-07-02-05-06",null,1.1000000000000001,null,null,null,null,null,null,null,null,null,null,null,null,null,null,1.1499999999999999,null,null,null,null,null,"4FAL10AP002 5А132М2А3У3 (11 кВт, 3000 об/мин)\nТекущий ремонт электродвигателя мощностью 15,0 кВт\nЗКД, инв № ","Т",1,8.77,{"$f":"PRODUCT(I11:Z11,AG11)","v":11.094049999999999},{"$f":"AF11*AH11","v":11.094049999999999},4,785.02,{"$f":"AH11*AK11","v":8709.0511309999983},{"$f":"AI11*AK11","v":8709.0511309999983}]
[4,"4FKK20AP001",null,"Т","ЭД","Р009899","26-07-02-05-06",null,1.1000000000000001,null,null,null,null,null,null,null,null,null,null,null,null,null,null,1.1499999999999999,null,null,null,null,null,"4FKK20AP001 5АМХ160S2У3 (15 кВт, 2920 об/мин)\nТекущий ремонт электродвигателя мощностью 15,0 кВт\nЗКД, инв № ","Т",1,8.77,{"$f":"PRODUCT(I12:Z12,AG12)","v":11.094049999999999},{"$f":"AF12*AH12","v":11.094049999999999},4,785.02,{"$f":"AH12*AK12","v":8709.0511309999983},{"$f":"AI12*AK12","v":8709.0511309999983}]